000 00392 a2200145 4500
999 _c6618
_d6618
020 _a8188826014
050 _aQR46PUR2003
100 _aPurohit S.S
_eauthor
245 _aMicrobiology :
_bfundamentals and applications /
_cS S Purohit
264 _aIndi:
_bStudent edition,
_c2003
300 _a792p. :
500 _aincludes glossary
650 _amicrobiology
942 _2lcc
_cBK
_h46
_iPUR
_kQR